| 000 | 00601nam a2200169 4500 | ||
|---|---|---|---|
| 001 | 108652 | ||
| 003 | ES-MaACL | ||
| 005 | 20230906184659.0 | ||
| 007 | t| | ||
| 008 | 061121s1916 ck r ||||1| spa d | ||
| 100 | 1 |
_aMonsalve, José D. _982286 |
|
| 245 | 1 | 3 |
_aEl ideal político del libertador Simón Bolivar _b: ( obra laureada con el gran premio en la Academia de Historia Nacional) / _cJosé D. Monsalve. |
| 260 |
_aBogotá : _b[s.n], _c1916 ( _fImp. Nacional) |
||
| 300 |
_a486 p. : _bretr. aut. ; _c25 cm. |
||
| 500 | _aPrecede al título : República de Colombia. | ||
| 852 |
_aES-MaACL _jA-11 |
||
| 999 |
_c108652 _d108652 |
||